La communauté d'agglomération du Grand Annecy - Statistiques

Statistiques générales
  • Ce quiz a été pris 12 fois
  • Le résultat moyen est 7 sur 34
Statistiques - réponses
Indice Ville % Correct
A Annecy
100%
ALV Annecy-le-vieux
89%
P Poisy
56%
SJ Saint-Jorioz
44%
S Sévrier
44%
A Argonay
33%
E Epagny-Metz-Tessy
33%
LGB Le Grand-Bornand
33%
ASC Alby-sur-Chéran
22%
C Charvonnex
22%
G Groisy
22%
LC La Clusaz
22%
MSB Menthon-Saint-Bernard
22%
T Thônes
22%
A Alex
11%
F Fillière
11%
LBDS La Balme-de-Sillingy
11%
L Lovagny
11%
Q Quintal
11%
VDL Veyrier-du-Lac
11%
V Villaz
11%
VLC Viuz-la-Chiésaz
11%
A Allèves
0%
B Bluffy
0%
CLF Chainaz-les-Frasses
0%
C Chapeiry
0%
C Cusy
0%
LCSM La Chapelle-Saint-Maurice
0%
MLL Montagny-les-Lanches
0%
SE Saint-Eustache
0%
SF Saint-Félix
0%
SS Saint-Sylvestre
0%
TM Tailloires-Montmin
0%
VLP Villy-le-Pelloux
0%
Aucun quiz correspondant
Distribution des résultats
% des personnes avec chaque résultat
Percentile par nombre de réponses
Votre historique - résultats
Vous n’avez pas pris ce quiz